Tribhuvan University Central Library

The history of Japan (Record no. 22448)

MARC details
000 -LEADER
fixed length control field 003960000a22001810004500
082 ## - DEWEY DECIMAL CLASSIFICATION NUMBER
Classification number 952
Item number L351h
041 ## - LANGUAGE CODE
Language code of text/sound track or separate title Eng
100 ## - MAIN ENTRY--PERSONAL NAME
Personal name Latourette, Kenneth Scott, 1884-
245 ## - TITLE STATEMENT
Title The history of Japan
250 ## - EDITION STATEMENT
Edition statement Rev. ed.
260 ## - PUBLICATION, DISTRIBUTION, ETC. (IMPRINT)
Place of publication, distribution, etc New York
Name of publisher, distributor, etc Macmillan
260 ## - PUBLICATION, DISTRIBUTION, ETC. (IMPRINT)
Date of publication, distribution, etc 1957
300 ## - PHYSICAL DESCRIPTION
Extent vii, 299p.
Other physical details iilus., maps.
530 ## - ADDITIONAL PHYSICAL FORM AVAILABLE NOTE
Additional physical form available note M
650 ## - SUBJECT ADDED ENTRY--TOPICAL TERM
Topical term or geographic name as entry element History
651 ## - SUBJECT ADDED ENTRY--GEOGRAPHIC NAME
Geographic name Japan
942 ## - ADDED ENTRY ELEMENTS (KOHA)
Koha item type General Collections
Holdings
Withdrawn status Lost status Damaged status Not for loan Home library Current library Date acquired Total Checkouts Barcode Date last seen Price effective from
        Tribhuvan University Central Library Tribhuvan University Central Library 06/20/2010   6866 06/20/2010 06/20/2010